| 000 | 00592nam a2200205Ia 4500 | ||
|---|---|---|---|
| 003 | IN-BaIIA | ||
| 008 | 211028s9999 xx 000 0 eng d | ||
| 040 | _cIIA Library | ||
| 080 |
_a532.5 _bLAM |
||
| 100 |
_aLamb, Horace _91511 |
||
| 245 | 0 |
_aHydrodynamics _cHorace Lamb |
|
| 250 | _a6th ed | ||
| 260 |
_aNew York _bDover Publications _c1932 |
||
| 300 | _axv, 738p. | ||
| 500 | _aDonated by Mrs. Bappu | ||
| 650 | _aAstronomy and Astrophysics Thesaurus | ||
| 650 |
_aFluid Dynamics _91512 |
||
| 650 |
_aHydrodynamics _91514 |
||
| 942 | _cBK | ||
| 999 |
_c7546 _d7546 |
||